Příručka systému Novell NetWare v 2.20
Gespeichert in:
| 1. Verfasser: | |
|---|---|
| Format: | Buch |
| Sprache: | Tschechisch |
| Veröffentlicht: |
Pardubice
Systemconsult
1992
|
| Ausgabe: | 1. vyd. |
| Schlagworte: | |
| Tags: |
Keine Tags, Fügen Sie das erste Tag hinzu!
|
MARC
| LEADER | 00000nam a2200000 4500 | ||
|---|---|---|---|
| 001 | c001116 | ||
| 005 | 20221214090451.8 | ||
| 020 | |a 80-900344-3-8 | ||
| 041 | 0 | |a cze | |
| 044 | |a CZ | ||
| 245 | 1 | 0 | |a Příručka systému Novell NetWare v 2.20 |c Josef Pospíšil |
| 250 | |a 1. vyd. | ||
| 264 | 1 | |a Pardubice |b Systemconsult |c 1992 | |
| 300 | |a 118 s. | ||
| 610 | 2 | 0 | |a systémy operačné |
| 610 | 2 | 0 | |a Novell NetWare 286 v 2.20 |
| 100 | 1 | |a Pospíšil, Josef | |